Bite of the black dogs : (Record no. 143026)

MARC details
000 -LEADER
fixed length control field 00579nam a22001817a 4500
005 - DATE AND TIME OF LATEST TRANSACTION
control field 20170801121951.0
010 ## - LCCN (DPL NO)
LC control number ENG-119498
020 ## - INTERNATIONAL STANDARD BOOK NUMBER
Terms of availability 399.00
International Standard Book Number 9789351951742
035 ## - SYSTEM CONTROL NUMBER
System control number EN-103030
037 ## - SOURCE OF ACQUISITION
Source of stock number/acquisition DBAD/PUB
082 ## - DEWEY DECIMAL CLASSIFICATION NUMBER
Classification number N
100 ## - MAIN ENTRY--PERSONAL NAME
Personal name Sanjay Bahadur
245 ## - TITLE STATEMENT
Title Bite of the black dogs :
Statement of responsibility, etc by Sanjay Bahadur
Remainder of title based on real operations of Indian special forces /
260 ## - PUBLICATION, DISTRIBUTION, ETC. (IMPRINT)
Place of publication, distribution, etc Gurgaon
Name of publisher, distributor, etc Hachette Book Publishing
Date of publication, distribution, etc 2017
270 ## - ADDRESS
Address 4th & 5th Floors, Corporate Center,Plot N0-94,Sector-44
City Gurgaon
Postal code 122003
300 ## - PHYSICAL DESCRIPTION
Extent 301p.
Dimensions 20cm(pbk)
942 ## - ADDED ENTRY ELEMENTS (KOHA)
Source of classification or shelving scheme Dewey Decimal Classification
Item type English Books
Call number suffix SAN
Classification part N
Holdings
Withdrawn status Lost status Not for loan Collection code Home library Current library Date acquired Source of acquisition Cost, normal purchase price Full call number Barcode Copy number Cost, replacement price Koha item type
      Fiction Ashok Vihar Ashok Vihar 01/08/2017 DBAD/PUB 399.00 N SAN EN-103030 1 399.00 English Books

© Delhi Public Library
Hit Counter
free hit counter